| 000 | 00000nam 2200000zi 4500 |
| 001 | 9.905613 |
| 003 | CaOODSP |
| 005 | 20221107180900 |
| 006 | m o d f |
| 007 | cr ||||||||||| |
| 008 | 211203t20212021nscdab ob f000 0 eng d |
| 020 | |a9780660411927 |
| 040 | |aCaOODSP|beng|erda|cCaOODSP |
| 041 | |aeng|bfre |
| 043 | |an-cn-ns |
| 086 | 1 |aFs97-4/3231E-PDF |
| 100 | 1 |aKenchington, E., |d1959- |eauthor. |
| 245 | 10|aCruise report in support of Maritimes region research project : |buse of passive acoustics to quantify fish biodiversity and habitat use / |cEllen Kenchington, Camille Lirette and Laurence H. De Clippele. |
| 264 | 1|aDartmouth, N.S : |bFisheries and Oceans Canada, |c2021. |
| 264 | 4|c©2021 |
| 300 | |a1 online resource (iv, 52 pages) : |bcharts, illustrations, maps. |
| 336 | |atext|btxt|2rdacontent |
| 337 | |acomputer|bc|2rdamedia |
| 338 | |aonline resource|bcr|2rdacarrier |
| 490 | 1 |aCanadian manuscript report of fisheries and aquatic sciences, |x1488-5387 ; |v3231 |
| 504 | |aIncludes bibliographical references. |
| 520 | |a"The Department of Fisheries and Oceans in collaboration with the University of Edinburgh and the Ocean Tracking Network successfully deployed three benthic landers in the Sambro Bank Sponge Conservation Area. These landers are equipped with camera systems and passive acoustic receivers to record the soundscape on the Vazella pourtalesii sponge grounds. This document provides the necessary background information for the mission (HUDSON2021-048) which also completed three associated CTD casts and a number of photo transects using a drop camera system (4K Camera) to characterize the benthic habitats"--Abstract. |
| 546 | |aIncludes abstract in French. |
| 650 | 0|aMarine benthic ecology|zNova Scotia. |
| 650 | 0|aSponges|xConservation |zNova Scotia. |
| 650 | 6|aÉcologie marine benthique|zNouvelle-Écosse. |
| 650 | 6|aÉponges|xConservation|zNouvelle-Écosse. |
| 710 | 1 |aCanada. |bDepartment of Fisheries and Oceans, |eissuing body. |
| 830 | #0|aCanadian manuscript report of fisheries and aquatic sciences,|x1488-5387 ;|v3231.|w(CaOODSP)9.505211 |
| 856 | 40|qPDF|s3.42 MB|uhttps://publications.gc.ca/collections/collection_2021/mpo-dfo/Fs97-4-3231-eng.pdf |